| 000 | 00399nam a22001697a 4500 | ||
|---|---|---|---|
| 003 | SGT | ||
| 020 | _a9789354656422 | ||
| 082 |
_a616.024 _bM23A |
||
| 100 | _aALAGAPPAN, R. | ||
| 245 | _aMANUAL OF PRACTICAL MEDICINE | ||
| 250 | _a7TH | ||
| 260 |
_aINDIA _bJAYPEE PUB _c2023 |
||
| 300 | _a920 | ||
| 650 | _aGENERALL MEDICINE | ||
| 653 | _aMANUAL OF PRACTICAL MEDICINE | ||
| 942 |
_2ddc _cBK _010 |
||
| 999 |
_c25123 _d25123 |
||